Представление документа в формате MARC21

ПолеНазваниеЗначение
  Тип записи a
  Библиографический уровень m
001 Контрольный номер RU/URAIT/563281
005 Дата корректировки 20260429163657.5
008 Кодируемые данные 260429s2025 RU y f j 000 0 rus u
020 Индекс ISBN __
a ISBN 978-5-534-08728-4
c Цена, тираж 599.00
040 Источник каталогиз. __
a Служба первич. каталог. ИКО Юрайт
c Служба, преобразующая запись ИКО Юрайт
e Правила каталог. RCR
041 Код языка издания __
a Код языка текста rus
044 Код страны публикации __
a Код страны публикации RU
080 Индекс УДК __
a Индекс УДК 808.5(075.32)
084 Индекс другой классификации/Индекс ББК __
2 Источник индекса rubbk
a Индекс другой классификации/Индекс ББК 83.7я723
100 Автор __
a Автор Савостьянов А. И.
q Полное имя Савостьянов Александр Иванович
245 Заглавие __
a Заглавие Техника речи в профессиональной подготовке актера
b Продолж. заглавия практическое пособие для спо
c Ответственность А. И. Савостьянов.
250 Сведения об издании __
g испр. и доп
a Основные сведения об издании 2-е изд.
256 Характеристики компьютерного файла __
a Характеристики компьютерного файла Электрон. дан.
260 Выходные данные __
a Место издания Москва
b Издательство Юрайт
c Дата издания 2025
300 Физическое описание __
a Объем 137 с
440 Серия __
a Серия Профессиональное образование
500 Примечания __
a Примечание URL: https://urait.ru/bcode/563281 (дата обращения: 29.04.2026).
520 Аннотация __
a Аннотация Книга заслуженного деятеля искусств РФ, известного российского театрального педагога, режиссера, теоретика актерского мастерства и режиссерского искусства Савостьянова Александра Ивановича является первым учебным пособием по технике речи для студентов театральных учебных заведений. Автор знакомит читателя с теоретической основой рассматриваемого вопроса, без знания и понимания которой невозможно приступить к самостоятельной работе, направленной на развитие речевого дыхания, и тренировочной работы над голосом. Пособие содержит систематизированный материал для практических занятий по дикции, сведения о нормах современного произношения и подробное методические указания к их изучению.
538 Прим. о системных особенностях __
a Прим. о системных особенностях Режим доступа: Электронно-библиотечная система Юрайт, для авториз. пользователей
653 Ключевые слова __
a Ключевые слова Сценические и экранные искусства
653 Ключевые слова __
a Ключевые слова Гуманитарные науки
653 Ключевые слова __
a Ключевые слова Сценическая речь
653 Ключевые слова __
a Ключевые слова Техника речи
653 Ключевые слова __
a Ключевые слова Основы сценической речи
653 Ключевые слова __
a Ключевые слова Основы сценической речи, мастерство актера
653 Ключевые слова __
a Ключевые слова Исполнительская подготовка: Сценическая речь
653 Ключевые слова __
a Ключевые слова Введение в сценическую речь
856 Электронный адрес документа 40
n Местонахождение сервера Юрайт
g Электронная книга
q Тип электронного формата html
h Имя пользователя ЮРАЙТ
v Часы доступа к ресурсу 20271231
2 Способ доступа Показать документ
x Служебное примечание https://urait.ru/book/cover/C47B8021-FC69-4CC8-841C-6625CDCF3B27
u URL https://urait.ru/bcode/563281
856 Электронный адрес документа 48
q Тип электронного формата cover
u URL https://urait.ru/book/cover/C47B8021-FC69-4CC8-841C-6625CDCF3B27
911 __
u 0030=https://urait.ru/bcode/563281
911 __
u 073a=9785534087284
u 073d=599.00
911 __
u 106a=s
911 __
u 900l=
952 Тип литературы __
i Дисциплина Сценическая речь
952 Тип литературы __
i Дисциплина Техника речи
952 Тип литературы __
i Дисциплина Основы сценической речи
952 Тип литературы __
i Дисциплина Основы сценической речи, мастерство актера
952 Тип литературы __
i Дисциплина Исполнительская подготовка: Сценическая речь
952 Тип литературы __
i Дисциплина Введение в сценическую речь